CRM systémy v cestovnej kancelárii diplomová práca

Gespeichert in:
Bibliographische Detailangaben
1. Verfasser: Krupová, Eva
Körperschaft: Obchodná fakulta EU. Katedra informatiky obchodných firiem
Weitere Verfasser: Pólya, Attila
Format: Buch
Sprache:Slowakisch
Veröffentlicht: Bratislava 2010
Tags: Tag hinzufügen
Keine Tags, Fügen Sie das erste Tag hinzu!

MARC

LEADER 00000nam a2200000 4500
001 0121300
005 20240318121912.4
041 0 |a slo 
044 |a SK 
245 1 0 |a CRM systémy v cestovnej kancelárii  |b diplomová práca  |c Eva Krupová ; škol. Attila Pólya 
264 1 |a Bratislava  |c 2010 
300 |a 69 s. 
100 1 |a Krupová, Eva 
700 1 |a Pólya, Attila 
710 2 |a Obchodná fakulta EU. Katedra informatiky obchodných firiem